Enquesta sobre infrastructura i equipament local : província de Barcelona 1993 : quadres província de Barcelona 1993 :
Descripción Física:
21 cm
MARC
| LEADER | 00000nam a2200000Ia 4500 | ||
|---|---|---|---|
| 001 | 17205 | ||
| 008 | 160829s1993 xx 000 0 cat d | ||
| 080 | |a C-2-410 | ||
| 245 | |a Enquesta sobre infrastructura i equipament local : |b província de Barcelona 1993 : |b quadres | ||
| 260 | |a Barcelona : |b Diputació de Barcelona, |c 1993 | ||
| 300 | |a 21 cm | ||
| 650 | |a Infraestructura (Transport) |9 28079 | ||
| 650 | |a Enquestes socials |x Barcelona (Província) |9 22827 | ||
| 710 | 1 | |a Barcelona (Catalunya : Província). |b Diputació |9 52408 | |
| 901 | |a Arxiu | ||
| 942 | |n 1 | ||
| 952 | |0 0 |1 0 |4 0 |6 C2410 |7 1 |9 44657 |a Arxiu |b Arxiu |d 2016-12-01 |l 0 |o C-2-410 |p 17205 |r 2016-12-01 00:00:00 |w 2016-12-01 |y ARXIU | ||
| 999 | |c 47238 |d 47238 | ||